000 01713nam a22002777i 4500
999 _c22915
_d22915
003 AR-CdUCM
008 240522b20222022 pe||||| |||| 00| 0 spa d
020 _a978-612-49070-1-2
040 _aMUNICIPALIDAD PROVINCIAL DEL CUSCO
_cBIBLIOTECA MUNICIPAL DEL CUSCO
082 _a498.5 / P23
_bP23
100 _aPanizo, Agustín.
_949939
245 _aContra el silencio :
_bLenguas originarias y justicia lingüística /
260 _aLima :
_bMinisterio de Cultura del Perú,
_bProyecto Especial Bicentenario de la Independencia del Perú,
_c2022
300 _a180 páginas. :
_c21 cm.
500 _zBibliografía: páginas 163 - 168
505 _aExtranjeros en su propio país -- El mundo es un corral de lenguas -- Un país de muchas lenguas -- La importancia de las lenguas -- ¡Kukama kakiri! -- Los tres compradores de palabras o el poder de la lengua -- Indígenas a mucha honra y por derecho -- La arremetida del silencio: las lenguas indígenas peruanas están desapareciendo -- María Antonia y las lenguas indígenas oficiales en el Perú -- La infinita mitología de los Ticuna -- La urgente tarea de escribir diccionarios de nuestras lenguas indígenas -- Del tupay al tinkuy y al tinkiy
650 _aUn país de muchas lenguas
_949940
650 _aLa importancia de las lenguas
_949941
650 _a¡Kukama kakiri!
_949942
650 _aIndígenas a mucha honra y por derecho
_949943
650 _aLa arremetida del silencio: las lenguas indígenas peruanas están desapareciendo
_949944
650 _aLa urgente tarea de escribir diccionarios de nuestras lenguas indígenas
_949945
856 _fwww.bicentenario.gob.pe/biblioteca
942 _2ddc
_cLIBROS
945 _apbj
_d2024-05-22